Southville International School and Colleges
Your cart is empty.
  • Cart
  • Lists
    Public lists Eva Luna New books Lux_list list_1
    Your lists Log in to create your own lists
  • Log in to your account
  • Your cookies
  • Search history
Southville International School and Colleges
  • Advanced search
  • Recent comments
  • Most popular
  • Libraries

Log in to your account

Log in with GOOGLE


If you do not have an external account, but do have a local account, you can still log in:

  1. Home
  2. MARC view: The battle of the Labyrinth /
Normal view MARC view ISBD view

The battle of the Labyrinth / (Record no. 114925)

[ view plain ]
MARC details
000 -LEADER
fixed length control field 00820nam a2200193 a 4500
005 - DATE AND TIME OF LATEST TRANSACTION
control field 20140414132116.0
008 - FIXED-LENGTH DATA ELEMENTS--GENERAL INFORMATION
fixed length control field 111026s19uu xx 00 eng d
020 ## - INTERNATIONAL STANDARD BOOK NUMBER
International Standard Book Number 9781423101468
050 ## - LIBRARY OF CONGRESS CALL NUMBER
Classification number FIC
Item number R48 2008
100 ## - MAIN ENTRY--PERSONAL NAME
Personal name Riordan, Rick.
245 ## - TITLE STATEMENT
Title The battle of the Labyrinth /
Statement of responsibility, etc Rick Riordan.
250 ## - EDITION STATEMENT
Edition statement 1st ed.
260 ## - PUBLICATION, DISTRIBUTION, ETC. (IMPRINT)
Place of publication, distribution, etc New York :
Name of publisher, distributor, etc Hyperion Books for Children,
Date of publication, distribution, etc c2008.
440 ## - SERIES STATEMENT/ADDED ENTRY--TITLE
Title Percy Jackson & the Olympians ; bk. 4
520 ## - SUMMARY, ETC.
Summary, etc When demonic cheerleaders invade his high school, Percy Jackson hurries to Camp Half Blood, from whence he and his demigod friends set out on a quest through the Labyrinth, while the war between the Olympians and the evil Titan lord Kronos draws near.
650 ## - SUBJECT ADDED ENTRY--TOPICAL TERM
Topical term or geographic name as entry element Animals, Mythical
General subdivision Juvenile fiction.
650 ## - SUBJECT ADDED ENTRY--TOPICAL TERM
Topical term or geographic name as entry element Mythology, Greek
General subdivision Fiction.
Holdings
Withdrawn status Lost status Damaged status Use restrictions Home library Current library Shelving location Date acquired Source of acquisition Cost, normal purchase price Total Checkouts Full call number Barcode Date last seen Price effective from Koha item type
        Munich Library Munich Library Fiction Section 10/26/2011   225.00   FIC R48 2008 M6861 04/14/2014 04/14/2014 Books

The battle of the Labyrinth /

APA

Riordan R., . (2008). The battle of the Labyrinth. New York: Hyperion Books for Children.

Chicago

Riordan Rick, . 2008. The battle of the Labyrinth. New York: Hyperion Books for Children.

Harvard

Riordan R., . (2008). The battle of the Labyrinth. New York: Hyperion Books for Children.

MLA

Riordan Rick, . The battle of the Labyrinth. New York: Hyperion Books for Children. 2008.

  • Place hold
  • Print
  • Cite
  • Add to your cart (remove)
  • Save record
    BIBTEX Dublin Core MARCXML MARC (non-Unicode/MARC-8) MARC (Unicode/UTF-8) MARC (Unicode/UTF-8, Standard) MODS (XML) RIS
  • More searches
    Search for this title in:
    Other Libraries (WorldCat) Other Databases (Google Scholar) Online Stores (Bookfinder.com) Open Library (openlibrary.org)

Exporting to Dublin Core...

SOUTHVILLE LIBRARY

Southville International School and Colleges Library

1281 Tropical Ave. Cor. Luxembourg St., BF Homes International, Las Pinas City

Tel. No. 8256374 / 252358 Loc. 117/146

Powered by Koha